Movies Quiz

Random Movies or Clickable Quiz

Movies Without Magic II Quiz Stats

 Plays Quiz Updated Aug 9, 2017

Support Sporcle.
Go Orange.
Score 0/20 Timer 06:00
4 Plays Today
% Correct
Willy Wonka and the Chocolate Factory
94.2%
Men in Black
94%
The Blair Witch Project
91.5%
The Little Mermaid
91.1%
Frozen
90.8%
Pirates of the Caribbean: Curse of the Black Pearl
90.3%
The Orphanage
90.2%
The Shining
89.8%
Big
89.2%
The Sixth Sense
88.1%
% Correct
The Exorcist
87.5%
Corpse Bride
87.2%
King Kong
86.4%
The Fly
84.4%
Honeymoon
83.4%
Inception
81.7%
From Dusk Till Dawn
79.3%
Goosebumps
78.8%
The Mist
72.4%
The Others
71.3%

You're not logged in!

Compare scores with friends on all Sporcle quizzes.
OR
Log In
Forgot?

From the Vault

Like A Simile Quiz

by JoeBeta

We took to this quiz like a duck to water.
Remove Ads.
Support Sporcle.
Get the best of Sporcle when you Go Orange. This ad-free experience offers more features, more stats, and more fun while also helping to support Sporcle. Thank you for becoming a member.

Show Comments

Extras

Top Quizzes Today


Score Distribution

Your Account Isn't Verified!

In order to create a playlist on Sporcle, you need to verify the email address you used during registration. Go to your Sporcle Settings to finish the process.

Report this User

Report this user for behavior that violates our Community Guidelines.

Details: